Centralny poziom rozgrywkowy w Polsce 2025/2026 - Statystyki

Ogólne statystyki
  • Ten quiz został rozwiązany 14 razy
  • Średni wynik to 45 z 54
Statystyki odpowiedzi
Liga Odpowiedź % Poprawnych
Ekstraklasa Arka Gdynia
100%
1 Liga Chrobry Głogów
100%
Ekstraklasa Cracovia
100%
Ekstraklasa GKS Katowice
100%
1 Liga GKS Tychy
100%
Ekstraklasa Górnik Zabrze
100%
Ekstraklasa Jagiellonia Białystok
100%
Ekstraklasa Korona Kielce
100%
Ekstraklasa Lechia Gdańsk
100%
Ekstraklasa Lech Poznań
100%
Ekstraklasa Legia Warszawa
100%
1 Liga ŁKS Łódź
100%
Ekstraklasa Motor Lublin
100%
Ekstraklasa Pogoń Szczecin
100%
Ekstraklasa Radomiak Radom
100%
Ekstraklasa Widzew Łódź
100%
1 Liga Wisła Kraków
100%
Ekstraklasa Wisła Płock
100%
Ekstraklasa Bruk-Bet Termalica Nieciecza
91%
1 Liga Górnik Łęczna
91%
1 Liga Miedź Legnica
91%
1 Liga Odra Opole
91%
1 Liga Ruch Chorzów
91%
1 Liga Śląsk Wrocław
91%
1 Liga Stal Mielec
91%
2 Liga Warta Poznań
91%
1 Liga Wieczysta Kraków
91%
Ekstraklasa Zagłębie Lubin
91%
2 Liga Zagłębie Sosnowiec
91%
Ekstraklasa Piast Gliwice
82%
2 Liga Podhale Nowy Targ
82%
1 Liga Pogoń Grodzisk Mazowiecki
82%
1 Liga Pogoń Siedlce
82%
1 Liga Polonia Warszawa
82%
Ekstraklasa Raków Częstochowa
82%
1 Liga Stal Rzeszów
82%
1 Liga Znicz Pruszków
82%
2 Liga GKS Jastrzębie
73%
2 Liga KKS Kalisz
73%
2 Liga Olimpia Grudziądz
73%
1 Liga Puszcza Niepołomice
73%
2 Liga Sandecja Nowy Sącz
73%
2 Liga Unia Skierniewice
73%
2 Liga ŁKS Łódź II
64%
2 Liga Podbeskidzie Bielsko-Biała
64%
1 Liga Polonia Bytom
64%
2 Liga Resovia Rzeszów
64%
2 Liga Śląsk Wrocław II
64%
2 Liga Stal Stalowa Wola
64%
2 Liga Hutnik Kraków
55%
2 Liga Rekord Bielsko-Biała
55%
2 Liga Sokół Kleczew
55%
2 Liga Chojniczanka Chojnice
45%
2 Liga Świt Szczecin
45%
Nie znaleziono quizów pasujących do podanych kryteriów
Rozkład punktacji
Procent ludzi z każdym wynikiem
Percentyl według liczby udzielonych odpowiedzi
Twoja historia wyników
Nie rozwiązałeś tego quizu